00519nam a22001817a 450000500170000001000150001702000260003203500140005803700090007208200130008110000180009424500560011225000060016826000420017427000640021630000240028050000330030420250728110914.0 aENG-146167 a9789394107403c320.00 aEN-129699 bDBAD a006.321 aSarkar, Shyam aArtificial Intelligence For Everyone/cShyam Sarkar a1 aKolkatabBooks & Allied (P) Ltdc2025 a83/1, Dr. S.C. Banerjee Road, Beliaghata bKolkata e700010 aiv, 315p.c24cm(pb) aAn Undergraduate Q & A Guide